000 00466nam a2200169 i 4500
001 67845
003 ES-MaACL
005 20250813063307.0
007 t|
008 040206s1973 sp ||||1| spa d
100 1 _aGallego, Gregorio,
_d1916-2007
_953530
245 1 4 _aLos Caines /
_cGregorio Gallego.
260 _a[Madrid :
_bEditora Nacional,
_c1973]
300 _a314 p. ;
_c21 cm.
852 _aES-MaACL
_jC-53946
_bR.865077
999 _c67845
_d67845